Europäische Hauptstadt nach Bezirk - Statistiken

Allgemein
  • Dieses Quiz wurde 88 mal gespielt
    84 seit der letzten Aktualisierung
  • Das Durchschnittsergebnis liegt bei 11 aus 14
Antwortstatistiken
Bezirk Antwort % Korrekt
Mitte, Spandau, Treptow Berlin
99%
Camden, Hounslow, Wandsworth London
96%
Indre By, Nørrebro, Valby Kopenhagen
91%
Barajas, Latina, Salamanca Madrid
91%
Anderlecht, Forest, Schaerbeek Brüssel
88%
Binnenstad, Jordaan, Kadijken Amsterdam
85%
Dafni, Kallithea, Plaka Athen
77%
Alfama, Belem, Chiado Lissabon
76%
Basmanny, Ramenki, Tverskoy Moskau
76%
Barajevo, Obrenovac, Vračar Belgrad
74%
Daugavgrīva, Skanste, Vecrīga Riga
68%
Staré Mesto, Ružinov, Vrakuňa Bratislava
64%
Pechersky'i, Podil, Zhuliany Kiew
64%
Čair, Centar, Karpoš Skopje
47%
Keine übereinstimmenden Quizze gefunden
Verteilung der Resultate
Anzahl Personen mit jedem Resultat
Perzentil nach korrekt beantworteten Fragen
Ihre Resultats-Entwicklung
Sie haben dieses Quiz seit der letzten Aktualisierung nicht gespielt